| 000 | 00845nam a2200217Ia 4500 | ||
|---|---|---|---|
| 999 |
_c39493 _d39493 |
||
| 001 | 6089 | ||
| 003 | GE_BSU | ||
| 005 | 20190919163454.0 | ||
| 008 | 181216s1968||||ge |||||||||||||| ||geo|| | ||
| 040 | _cGE_BSU | ||
| 041 | _ageo | ||
| 080 | _a821.353.1-4 ა-78 | ||
| 100 |
_aასათიანი, მამია _94148 |
||
| 245 |
_aგელათის ქრონიკებიბი : _bნარკვევები / _cმამია ასათიანი ; რედ. ლ. ერისთავი. |
||
| 264 |
_aთბილისი : _bნაკადული ; _c1968. |
||
| 300 |
_a110 გვ. ; _c20 სმ. |
||
| 653 | _aგელათის ქრონიკები | ||
| 653 | _aნარკვევები | ||
| 700 |
_aერისთავი, ლ. _eრედაქტორი _94153 |
||
| 942 |
_cBK _2udc |
||